000 00594nam a2200229 a 4500
999 _c9421
_d9421
001 9421
003 BD-JhCC
005 20180314102410.0
008 180314s1968 p |||| || | 000 0 eng d
035 _a(BD-JhCC)9421
040 _aBD-JhCC
_dBD-JhCC
041 _aeng
082 _a330.1556
_bKHA 1968
100 _aKhalid, Mohammad
245 _aWelfare State A Case Study of Pakistan /
_cMohammad Khalid,
260 _aKarachi :
_bRoyal Book Co,
_c1968
300 _a327 p. :
_c24 cm.
650 _aWefare Economics
650 _aEconomics Policy
942 _2ddc
_cBK